zpět

Detail výsledku týmu

Za Vodojemem, Chrudim

Datum a čas kvízu

29 Celkem bodů Celkový počet nahraných bodů na tomto kvízu bez doplňovacích otázek.
6. Pořadí na kvízu Konečné umístění týmu na tomto kvízu.

Zaznamenané odpovědi

# Otázka Odpověď Body Výsledky
1. Česká pošta vydala u příležito... Jiří Suchý 1
2. Vláda jisté země dala ve čtvrt... Francisco Franco 1
3. V neděli měl vystoupit známý č... David Černý 1
4. Před měsícem vzbudila rozruch... Google 1
5. Minulý týden bylo oznámeno, že... Fernando Alonso 0
6. Druhý díl naší cesty kolem svě... Myanmar (Barma) 1
7. Pokračujeme dále do jihovýchod... Malajsie 0
8. Další dvě otázky budou patřit... 2. největší 1
9. V severní Číně a jižním Mongol... Gobi 1
10. Dnešní putování zakončíme v Mo... z kobylího mléka 1